000 01195nam a2200253Ia 4500
003 OSt
005 20200908143727.0
008 191128s1999 ck ao gr 000 0dspa d
020 _a9580456003
040 _aCO-JMCR
_cCO-JMCR
041 0 _aspa
082 0 4 _a363.45 /
_bS487j
_223
100 1 _aSerrano Cadena, Rosso José,
_eautor
_99963
245 1 0 _aJaque mate :
_bde cómo la policía le ganó la partida a "el ajedrecista" y a los carteles del narcotráfico /
_cRosso José Serrano Cadena ; con la colaboración de Santiago Gamboa
250 _aPrimera edicicón
260 _aBogotá :
_bNorma,
_c1999
300 _a302 páginas :
_bfotografías a color ;
_c22 cm.
490 0 _aBibliografías y documentos
500 _aIncluye datos biografícos de los autores en solapas.
505 0 _a"Cañengo" -- Entrada a la policía -- Aparición de las mafias -- "El Ajedrecista" -- Hacia la dirección de la policía -- Director de la policía -- "El señor" -- Los carteles -- "El papi" -- Cartel de Cali -- "El Alacran" -- Desarrollo paralelo de la policía
650 1 4 _aTraficantes de drogas
_zColombia
_99964
700 1 _aGamboa, Santiago,
_ecolaborador
_99965
942 _2ddc
_cBK
999 _c4575
_d4575